000 00616nam a2200217Ii 4500
003 JO-AjNU
008 230606s9999||||xx |||||||||||||| ||und||
020 _a978-3-642-04705-3
040 _aJO-AjNU
_beng
_erda
_cJO-AjNU
041 _aeng
050 1 4 _aQA614.8.C57.2011
100 3 _aGros, Claudius,
_eauthor
_94755
245 0 0 _aComplex and Adaaptive Dynamical Systems
250 _a2 ed
264 3 1 _aspringer,2011
300 _a323p
336 _atext
_btxt
_2rdacontent
337 _aunmediated
_bn
_2rdamedia
338 _avolume
_bnc
_2rdacarrier
650 4 _a Differentiable dynamical systems. 
_94756
999 _aE2463
_c2461
_d2461